000 00421nam a2200169Ia 4500
001 23518
003 IN-NITTTR
005 20251114233304.0
008 251113s9999||||xx |||||||||||||| ||eng||
040 _beng
040 _cIN-NITTTR
041 _aeng
082 _a670 C46M
100 _aChryssolouris, George
245 0 _aManufacturing systemms :
_b theory and practice. /
_cChryssolouris, George
942 _2ddc
_cBK
999 _c26147
_d26147